00520nam a22001697a 450000500170000001000150001702000330003203500140006503700130007908200100009224500930010225000130019526000260020827000600023430000280029470000280032220220608152810.0 aENG-133099 c595.00.00a978-8-178-24484-6 aEN-116631 bDBAD/PUB a880.9 aA concise history of Indian Literature in English/ cedted by Arvind Krishna Mehrotra bRanighet c2017bpermanent Black aHimalayana Mall Road, Ranikhet Cantt.bRanighete263645 a517p.c21cm(pbk)bindex aArvind Krishna Mehrotra